<?xml version="1.0" encoding="UTF-8"?><?xml-stylesheet type="text/xsl" href="static/style.xsl"?><OAI-PMH xmlns="http://www.openarchives.org/OAI/2.0/" xmlns:xsi="http://www.w3.org/2001/XMLSchema-instance" xsi:schemaLocation="http://www.openarchives.org/OAI/2.0/ http://www.openarchives.org/OAI/2.0/OAI-PMH.xsd"><responseDate>2026-06-01T04:32:50Z</responseDate><request verb="GetRecord" identifier="oai:riuma.uma.es:10630/34757" metadataPrefix="marc">https://riuma.uma.es/rest/oai/request</request><GetRecord><record><header><identifier>oai:riuma.uma.es:10630/34757</identifier><datestamp>2026-02-03T11:37:00Z</datestamp><setSpec>com_10630_2254</setSpec><setSpec>col_10630_20092</setSpec></header><metadata><record xmlns="http://www.loc.gov/MARC21/slim" xmlns:dcterms="http://purl.org/dc/terms/" xmlns:doc="http://www.lyncode.com/xoai" xmlns:xsi="http://www.w3.org/2001/XMLSchema-instance" xsi:schemaLocation="http://www.loc.gov/MARC21/slim http://www.loc.gov/standards/marcxml/schema/MARC21slim.xsd">
   <leader>00925njm 22002777a 4500</leader>
   <datafield ind2=" " ind1=" " tag="042">
      <subfield code="a">dc</subfield>
   </datafield>
   <datafield ind2=" " ind1=" " tag="720">
      <subfield code="a">Arrivillaga, Christiane</subfield>
      <subfield code="e">author</subfield>
   </datafield>
   <datafield ind2=" " ind1=" " tag="720">
      <subfield code="a">Griffiths, Mark D.</subfield>
      <subfield code="e">author</subfield>
   </datafield>
   <datafield ind2=" " ind1=" " tag="720">
      <subfield code="a">Rey-Peña, Lourdes</subfield>
      <subfield code="e">author</subfield>
   </datafield>
   <datafield ind2=" " ind1=" " tag="720">
      <subfield code="a">Extremera-Pacheco, Natalio</subfield>
      <subfield code="e">author</subfield>
   </datafield>
   <datafield ind2=" " ind1=" " tag="260">
      <subfield code="c">2024-10-15</subfield>
   </datafield>
   <datafield ind2=" " ind1=" " tag="520">
      <subfield code="a">Problematic social media use (PSMU) has become an increasingly researched area in the general population, specifically among adolescents. Due to its association with poor well-being and negative consequences, it is important to have assessment instruments that are valid and reliable in evaluating PSMU. The Bergen Social Media Addiction Scale (BSMAS) is the most widely used scale to assess PSMU. The present study analyzed the psychometric properties of a Spanish version of the BSMAS among Spanish adolescents. The sample comprised 688 adolescents from Spain (54% girls), aged 12 to 18 years (M = 14.23 years) who completed a number of self-report questions and psychometric scales. The reliability, construct validity, concurrent validity, and criterion validity of the BSMAS were evaluated. Additionally, the measurement invariance by gender and age group was also calculated. The results indicated good reliability indices (coefficients’ range = 0.75–0.83). Moreover, PSMU was positively associated with problematic smartphone use, frequency of social networking site use, depression, anxiety, and loneliness and negatively associated with self-esteem and flourishing (r range = -0.16–0.65). Furthermore, configural, metric, and scalar invariance was established among boys and girls, and younger and older adolescents. The study provides preliminary evidence indicating that the Spanish BSMAS is a reliable and valid instrument to assess PSMU among Spanish-speaking adolescents.</subfield>
   </datafield>
   <datafield ind1="8" ind2=" " tag="024">
      <subfield code="a">https://hdl.handle.net/10630/34757</subfield>
   </datafield>
   <datafield ind1="8" ind2=" " tag="024">
      <subfield code="a">10.24310/riuma.34757</subfield>
   </datafield>
   <datafield tag="653" ind2=" " ind1=" ">
      <subfield code="a">Internet y jóvenes</subfield>
   </datafield>
   <datafield tag="653" ind2=" " ind1=" ">
      <subfield code="a">Redes sociales en internet</subfield>
   </datafield>
   <datafield ind2="0" ind1="0" tag="245">
      <subfield code="a">Dataset_Social_media_Smartphone_Psychological_adjustment.</subfield>
   </datafield>
</record>
</metadata></record></GetRecord></OAI-PMH>